[Event "Kastav Hotel Opatija"]
[Site "Kastav"]
[Date "1999.04.26"]
[Round "3"]
[White "Muhvic, Damir"]
[Black "Jovanic, Ognjen"]
[Result "1/2-1/2"]
[WhiteElo "2236"]
[BlackElo "2269"]
[PlyCount "91"]
[EventDate "1999.04.??"]
[EventType "tourn"]
[EventRounds "11"]
[EventCountry "CRO"]
[EventCategory "4"]
[SourceTitle "CBM 070 Extra"]
[Source "ChessBase"]
[SourceDate "1999.07.10"]
[SourceVersion "1"]
[SourceVersionDate "1999.07.10"]
[SourceQuality "1"]

1. d4 Nf6 2. c4 g6 3. Nc3 Bg7 4. e4 d6 5. Nf3 0-0 6. Be2 c5 7. d5 e6 8. 0-0 Re8 9. Nd2 Na6 10. Re1 Nc7 11. a4 Na6 12. h3 Nb4 13. Bf1 Qe7 14. Nf3 e5 15. Bg5 h6 16. Bd2 Nh7 17. a5 f5 18. exf5 gxf5 19. Na2 Na6 20. Rb1 Qf7 21. Bc3 Nf6 22. b4 Ne4 23. Ba1 cxb4 24. Nxb4 Nac5 25. Qc2 Bd7 26. Nd3 f4 27. Nd2 Bf5 28. Nxe4 Bxe4 29. f3 Bf5 30. Rbd1 Qc7 31. Bc3 Rac8 32. Bb4 Na6 33. Qb3 Bf6 34. Rc1 Nxb4 35. Qxb4 Bxd3 36. Bxd3 Qc5+ 37. Qxc5 Rxc5 38. Rb1 Rb8 39. a6 b6 40. Rb5 Rc7 41. Re2 Rbc8 42. Ra2 Kf7 43. Kf1 Rc5 44. Rb4 Be7 45. Ke2 Kf6 46. Raa4 1/2-1/2

[Event "Kastav Hotel Opatija"]
[Site "Kastav"]
[Date "1999.04.25"]
[Round "2"]
[White "Ljubicic, Filip"]
[Black "Muhvic, Damir"]
[Result "1-0"]
[WhiteElo "2396"]
[BlackElo "2236"]
[PlyCount "75"]
[EventDate "1999.04.??"]
[EventType "tourn"]
[EventRounds "11"]
[EventCountry "CRO"]
[EventCategory "4"]
[SourceTitle "CBM 070 Extra"]
[Source "ChessBase"]
[SourceDate "1999.07.10"]
[SourceVersion "1"]
[SourceVersionDate "1999.07.10"]
[SourceQuality "1"]

1. e4 d6 2. d4 Nf6 3. Nc3 g6 4. Be3 c6 5. h3 Qa5 6. Bd3 Bg7 7. Nge2 b5 8. a3 a6 9. 0-0 0-0 10. Qd2 Nbd7 11. b4 Qc7 12. a4 Bb7 13. f4 e5 14. axb5 cxb5 15. fxe5 dxe5 16. d5 Ne8 17. Nc1 Nd6 18. Nb3 Nb6 19. Bc5 Nbc4 20. Bxc4 Nxc4 21. Qf2 Nd6 22. Na5 Bc8 23. Bxd6 Qxd6 24. Qc5 Qd7 25. d6 Bb7 26. Nxb7 Qxb7 27. Nd5 Kh8 28. Qc7 Qa7+ 29. Kh1 f5 30. Nb6 Rf7 31. Nxa8 Rxc7 32. Nxc7 Bf8 33. Rxa6 Qe3 34. exf5 Qc3 35. Rfa1 Bxd6 36. Ra8+ Kg7 37. Ne8+ Kh6 38. Nxd6 1-0

[Event "CRO-chT"]
[Site "Porec"]
[Date "1998.09.10"]
[Round "5"]
[White "Kutuzovic, Branko"]
[Black "Muhvic, Damir"]
[Result "1-0"]
[WhiteElo "2460"]
[BlackElo "2215"]
[PlyCount "86"]
[EventDate "1998.09.??"]
[EventType "team"]
[EventRounds "9"]
[EventCountry "CRO"]
[SourceTitle "EXT 1999"]
[Source "ChessBase"]
[SourceDate "1998.11.16"]
[SourceVersion "1"]
[SourceVersionDate "1998.11.16"]
[SourceQuality "1"]

1. e4 d6 2. d4 Nf6 3. Nc3 e5 4. Nge2 Nbd7 5. f3 c6 6. Be3 b5 7. g4 b4 8. Na4 a6 9. b3 Bb7 10. g5 Nh5 11. Qd2 exd4 12. Nxd4 c5 13. Nf5 Ne5 14. 0-0-0 Nxf3 15. Nxd6+ Bxd6 16. Qxd6 Qxd6 17. Rxd6 Bxe4 18. Nxc5 Nxg5 19. Rg1 Nf3 20. Nxe4 Nxg1 21. Bxg1 0-0 22. Bc5 Rfe8 23. Rd4 a5 24. Bc4 Re5 25. Bd6 Rf5 26. Bc7 h6 27. Nd6 Rf2 28. Nxf7 Kh7 29. Kb2 Nf6 30. Bg3 Rg2 31. Nd8 Rg1 32. Ne6 Re8 33. Bc7 Ra8 34. Be5 Re8 35. Bxf6 gxf6 36. Rd7+ Kh8 37. Rf7 Rg2 38. h4 Rh2 39. Nf8 Rxf8 40. Rxf8+ Kg7 41. Rg8+ Kh7 42. Rg4 f5 43. Rf4 Kg7 1-0